Random Disney Animated Characters by Picture - Statistics

General Stats
  • This quiz has been taken 5,977 times
    3,217 since last reset
  • The average score is 9 of 16
Answer Stats
Picture Answer % Correct
Dumbo
97%
Peter Pan
96%
Winnie the Pooh
96%
Pocahontas
95%
Olaf
94%
Rapunzel
94%
Tarzan
94%
Ariel
93%
Belle
93%
Aladdin
92%
Lilo Pelekai
92%
Pinocchio
92%
Tinker Bell
92%
Alice
91%
Fa Mulan
91%
Pumbaa
91%
Scar
91%
Simba
91%
Stitch
91%
Tigger
91%
Jasmine
90%
Moana
90%
Bambi
89%
Cinderella
89%
Elsa
89%
Hercules
89%
Snow White
89%
Captain Hook
88%
Genie
87%
Cruella de Vil
86%
The Beast
86%
Bolt
85%
Wreck-It Ralph
85%
Lady
84%
Mufasa
84%
Wendy Darling
84%
Ace "Chicken Little" Cluck
83%
Anna
83%
Mad Hatter
83%
Mickey Mouse
83%
Piglet
83%
Robin Hood
83%
Ursula
83%
Nala
82%
Princess Aurora
82%
Timon
82%
Grumpy
81%
Mowgli
81%
Sneezy
81%
Gaston
80%
Hades
80%
Maui
80%
Sleepy
80%
Bruno Madrigal
79%
Tiana
79%
Zeus
79%
Jafar
78%
Maleficent
78%
Quasimodo
78%
Tramp
78%
Fairy Godmother
76%
Prince Eric
76%
Baloo
75%
Sven
75%
Thumper
75%
Sebastian
73%
Jiminy Cricket
72%
Queen of Hearts
72%
Eeyore
71%
Flynn Rider
71%
Arthur Pendragon
70%
Christopher Robin
70%
Dopey
70%
Judy Hopps
70%
Fix-It Felix Jr.
69%
Jane Porter
69%
Raya
69%
The Evil Queen
69%
Abu
68%
King Triton
68%
Lumière
68%
Mother Gothel
68%
Prince Hans
68%
Flounder
67%
Kuzco
67%
Happy
66%
Kristoff
66%
Pascal
66%
Geppetto
65%
Pegasus
65%
Shere Khan
65%
Cheshire Cat
64%
Doc
64%
Mushu
62%
Bashful
61%
Baymax
61%
Nick Wilde
61%
Rafiki
60%
John Smith
59%
Merlin
59%
Iago
58%
Tweedle Dee and Tweedle Dum
58%
White Rabbit
58%
Gus
57%
Mrs. Potts
56%
Esmeralda
54%
Kronk
53%
Mr. Smee
53%
Zazu
53%
Lady Tremaine
51%
Megara
51%
Heihei
50%
Hiro Hamada
50%
Mirabel Madrigal
50%
Marie
49%
Yzma
49%
Pongo
48%
Magic Mirror
47%
Vanellope von Schweetz
46%
Alma Madrigal
45%
King Louie
45%
Cogsworth
44%
Little John
44%
Lucifer
44%
Anastasia Tremaine
43%
Prince John
43%
Prince Naveen
43%
Dr. Facilier
42%
Bagheera
41%
Charlotte La Bouff
41%
Thomas O'Malley
41%
Kaa
39%
Philoctetes/Phil
39%
Luisa Madrigal
38%
Milo Thatch
37%
Friar Tuck
36%
Louis
35%
Ray
35%
Oliver
34%
Drizella Tremaine
33%
Maid Marian
33%
March Hare
33%
Jaq
32%
Mama Odie
32%
Rajah
32%
Scuttle
32%
Sheriff of Nottingham
32%
Cobra Bubbles
31%
Duchess
31%
Grandmother Willow
30%
Flower
29%
Judge Claude Frollo
29%
Blue Fairy
28%
Figaro
28%
Bernard
27%
Copper
27%
Flotsam and Jetsam
27%
Sir Hiss
27%
Tamatoa
27%
Basil
26%
Caterpillar
26%
Meeko
26%
Perdita
26%
Koda
25%
Miss Bianca
25%
Pacha
25%
Asha
24%
Mad Madam Mim
24%
Shan Yu
24%
Tod
23%
Professor Ratigan
22%
Roger Radcliffe
22%
Kidagakash Nedakh
21%
Archimedes
20%
Kenai
20%
Timothy Q. Mouse
20%
Jim Hawkins
19%
Monstro
19%
Berlioz
18%
John Silver
18%
Madame Medusa
18%
Toulouse
18%
Stromboli
17%
Governor Ratcliffe
16%
Edgar Balthazar
15%
King Magnifico
15%
Namaari
14%
Jaeger Clade
13%
Captain Phoebus
12%
Lampwick
12%
Aladar
11%
Sisu
10%
Dodger
8%
Taran
5%
Searcher Clade
4%
No matching quizzes found
Score Distribution
Percent of People with Each Score
Percentile by Number Answered
Your Score History
You have not taken this quiz since the last reset